000
00309nam a2200133Ia 4500
005
20260328104325.0
008
260328s9999||||xx |||||||||||||| ||und||
100
_a
Gehl, Jan
245
0
_a
New City Life /
_c
Jan Gehl
260
_b
Arco Grafisk
300
_a
179 p.
650
_a
ESPACIO PUBLICO
942
_c
BK
999
_c
11508
_d
11508